History Quiz

Random History or Politics Quiz

Countries by 1970 Leaders Quiz Stats

 Plays Quiz Updated Apr 12, 2019

Score 0/66 Timer 10:00
1 Play Today
Leader Country % Correct
Richard NixonUnited States
99.6%
Fidel CastroCuba
99.2%
Indira GandhiIndia
97.3%
Georgios PapadopoulosGreece
83.4%
Muammar al GaddafiLibya
77.9%
Georges PompidouFrance
73.7%
Mao ZedongChina
73.7%
Kim Il-sungNorth Korea
69.2%
Leonid BrezhnevSoviet Union
68.8%
Golda MeirIsrael
64.8%
Francisco FrancoSpain
64%
Gamal Abdel Nasser/Anwar El SadatUnited Arab Republic
63.4%
Park Chung-heeSouth Korea
63.2%
Nicolae CeausescuRomania
60.1%
Harold Wilson/Edward HeathUnited Kingdom
59.3%
Chiang Kai-shekTaiwan
59.1%
Pierre TrudeauCanada
49.8%
Haile Selassie IEthiopia
48.5%
Josip Broz TitoYugoslavia
47.1%
Mohammad Reza PahlaviIran
45.8%
Eduardo Frei/Salvador AllendeChile
45.8%
Hussein IJordan
45.5%
Francois DuvalierHaiti
44.1%
Willy BrandtWest Germany
43.2%
Ferdinand MarcosPhilippines
42.3%
Eisaku SatoJapan
39.5%
SuhartoIndonesia
38.4%
Olof PalmeSweden
38%
Faisal ibn Abdul AzizSaudi Arabia
36.6%
John GortonAustralia
36.2%
Wladyslaw Gomulka/Edward GierekPoland
33.9%
Jomo KenyattaKenya
31.2%
Gustavo Diaz Ordaz/Luis EcheverriaMexico
30.3%
Leader Country % Correct
Walter UlbrichtEast Germany
28.4%
Nguyen Van ThieuSouth Vietnam
25.1%
Hassan IIMorocco
23.5%
Joseph MobutuDemocratic Republic of the Congo
22.5%
Norodom Sihanouk/Lon NolCambodia
21.2%
Yahya KhanPakistan
20.5%
Suleyman DemirelTurkey
19.9%
Josef Klaus/Bruno KreiskyAustria
19.9%
Janos KadarHungary
19.2%
John VorsterSouth Africa
17.7%
Ahmed Hassan al-BakrIraq
16.8%
Gustav HusakCzechoslovakia
15.9%
Ne WinBurma
15.1%
Lee Kuan YewSingapore
15.1%
Julius NyerereTanzania
15.1%
Mohammed Zahir ShahAfghanistan
14.8%
Alfredo StroessnerParaguay
14.4%
Makarios IIICyprus
14.1%
Le DuanNorth Vietnam
13.8%
Yakubu GowonNigeria
12.5%
Marcelo CaetanoPortugal
11.4%
Juan Carlos Ongania/Roberto LevingstonArgentina
11.2%
Rafael CalderaVenezuela
10.2%
Anastasio Somoza DebayleNicaragua
10%
Houari BoumedieneAlgeria
9.9%
Habib BourguibaTunisia
9.4%
Dudley Senanayake/Sirimavo BandaranaikeCeylon
9.2%
Jean-Bedel BokassaCentral African Republic
8.7%
Milton OboteUganda
8.7%
Emilio MediciBrazil
8.5%
Mariano Rumor/Emilio ColomboItaly
6.3%
Leopold Sedar SenghorSenegal
6.2%
Juan Velasco AlvaradoPeru
5.8%

You're not logged in!

Compare scores with friends on all Sporcle quizzes.
OR
Log In

Sporcle TV

Today on Sporcle TV


Watch our educational content, quiz creation guides, and fun videos on Sporcle TV.

Show Comments

Extras

Top Quizzes Today


Score Distribution

Your Account Isn't Verified!

In order to create a playlist on Sporcle, you need to verify the email address you used during registration. Go to your Sporcle Settings to finish the process.

Report this User

Report this user for behavior that violates our Community Guidelines.

Details: